Avtomatizirovannyje sistemy upravlenija v transportnom stroitel'stve

Salvato in:
Dettagli Bibliografici
Natura: Libro
Lingua:russo
Pubblicazione: Moskva Transport 1982
Tags: Aggiungi Tag
Nessun Tag, puoi essere il primo ad aggiungerne!!

MARC

LEADER 00000nam a2200000 4500
001 c133867
005 20041019155259.4
041 0 |a rus 
044 |a RU 
245 1 0 |a Avtomatizirovannyje sistemy upravlenija v transportnom stroitel'stve 
264 1 |a Moskva  |b Transport  |c 1982 
300 |a 127 s.